La fe del recuerdo : laberintos marranos / N. Wachtel ; tr. por Sandra Garzonio.
Los judíos que para protegerse de la discriminación y/o persecución se convirtieron al cristianismo en España, pero conservando internamente su fe original, fueron llamados despectivamente marranos. De la suerte que corrieron ellos en la América colonial se ocupa este libro.
Guardat en:
| Autor principal: | |
|---|---|
| Format: | Llibre |
| Idioma: | espanyol |
| Publicat: |
Buenos Aires, Argentina :
Fondo de Cultura Económica,
2007, c2007
|
| Col·lecció: | (Sección de Obras de Historia)
|
| Matèries: | |
| Etiquetes: |
Sense etiquetes, Sigues el primer a etiquetar aquest registre!
|
MARC
| LEADER | 00000nam^a2200000^a^4500 | ||
|---|---|---|---|
| 001 | 000268345 | ||
| 005 | 20250521000000.0 | ||
| 008 | 071017 20072007 | ||
| 009 | 20260310110851.367 | ||
| 020 | |a 978-950-557-608-1 | ||
| 037 | |a Acervo ITESO - Biblioteca | ||
| 041 | |a ESP | ||
| 082 | |a 980. 013 |b WAC | ||
| 100 | |a Wachtel, Nathan |e (autor) | ||
| 245 | 1 | 3 | |a La fe del recuerdo : |b laberintos marranos / N. Wachtel ; tr. por Sandra Garzonio. |
| 264 | 4 | |a Buenos Aires, Argentina : |b Fondo de Cultura Económica, |c 2007, c2007 | |
| 300 | |a 368 p. | ||
| 336 | |a texto |b txt |2 rdacontenido | ||
| 337 | |a sin mediación |b n |2 rdamedio | ||
| 338 | |a volumen |b nc |2 rdasoporte | ||
| 440 | 1 | |a (Sección de Obras de Historia) | |
| 500 | |a Traducción de: La foi du souvenir. Labyrinthes marranes | ||
| 520 | |a Los judíos que para protegerse de la discriminación y/o persecución se convirtieron al cristianismo en España, pero conservando internamente su fe original, fueron llamados despectivamente marranos. De la suerte que corrieron ellos en la América colonial se ocupa este libro. | ||
| 649 | |a XX | ||
| 650 | |a Criptojudíos en América - |x Historia - |y Epoca Colonial - |x Tema Principal | ||
| 650 | |a Judíos en América - |x Historia - |y Epoca Colonial | ||
| 650 | |a Judaísmo - |z América - |x Historia - |y Epoca Colonial | ||
| 650 | |a Conversos Cristianos - |z América - |x Historia - |y Epoca Colonial | ||
| 650 | |a Cristianismo - |z América - |x Historia - |y Epoca Colonial | ||
| 650 | |a Inquisición - |z América - |x Historia - |y Epoca Colonial | ||
| 650 | |a Tribunales Eclesiásticos - |z América - |x Historia - |y Epoca Colonial | ||
| 650 | |a Persecución - |z América - |x Historia - |y Epoca Colonial | ||
| 650 | |a Discriminación - |z América - |x Historia - |y Epoca Colonial | ||
| 650 | |a Represión - |z América - |x Historia - |y Epoca Colonial | ||
| 650 | |a América - |x Historia - |y Epoca Colonial - |x Tema Principal | ||
| 910 | |a Fondo General | ||
| 920 | |a Impresos - Libros | ||
| 930 | |a Colección General | ||
| 905 | |a 101 | ||
| 901 | |a 0500152484 |b IT1 |c ACC |u 20250521 | ||
| 902 | |a https://opac.biblio.iteso.mx/vufind/Record/000268345 | ||